| 000 | 00677nam a22002297a 4500 | ||
|---|---|---|---|
| 003 | OSt | ||
| 005 | 20220107122734.0 | ||
| 008 | 140408b xxu||||| |||| 00| 0 eng d | ||
| 020 | _a9788131792476 | ||
| 040 | _cIIITM-K | ||
| 082 | _a005.74 ELM/D | ||
| 100 |
_aElmasri, Ramez _93735 |
||
| 245 |
_aDatabase systems: _bModels, languages, design and application programming _cby Ramez Elmasri; Shamkant B Navathe |
||
| 250 | _a6th ed. | ||
| 260 |
_aNew Delhi, _bPearson, _c2013. |
||
| 300 | _axxv, 1214p. | ||
| 650 |
_aCOMPUTER SCIENCE _93736 |
||
| 650 |
_aSYSTEM SCIENCE _93737 |
||
| 650 |
_aDATABASE SYSTEMS _93738 |
||
| 700 |
_aNavathe, Shamkant B _93739 |
||
| 942 |
_2ddc _cBK |
||
| 999 |
_c3744 _d3744 |
||